UBT Library

The Merck veterinary manual. (Record no. 43838)

000 -LEADER
fixed length control field 01220cas a2200385 a 4500
001 - CONTROL NUMBER
control field 11342126
005 - DATE AND TIME OF LATEST TRANSACTION
control field 20180301073905.0
008 - FIXED-LENGTH DATA ELEMENTS--GENERAL INFORMATION
fixed length control field 751101c19559999nju x f 0 a0eng c
010 ## - LIBRARY OF CONGRESS CONTROL NUMBER
LC control number 88641538
Canceled/invalid LC control number 67007106
016 7# - NATIONAL BIBLIOGRAPHIC AGENCY CONTROL NUMBER
Record control number 90454-5
Source DE-600
016 7# - NATIONAL BIBLIOGRAPHIC AGENCY CONTROL NUMBER
Record control number 9815264
Source DNLM
016 7# - NATIONAL BIBLIOGRAPHIC AGENCY CONTROL NUMBER
Record control number M31485000
Canceled or invalid record control number M31490000
Source DNLM
016 7# - NATIONAL BIBLIOGRAPHIC AGENCY CONTROL NUMBER
Record control number 011759431
Source Uk
022 0# - INTERNATIONAL STANDARD SERIAL NUMBER
International Standard Serial Number 0076-6542
Source 1
035 ## - SYSTEM CONTROL NUMBER
System control number (OCoLC)ocm01770866
040 ## - CATALOGING SOURCE
Original cataloging agency MUL
Language of cataloging eng
Transcribing agency MUL
Modifying agency NSD
-- OCL
-- DLC
-- OCL
-- NST
-- NYG
-- NLM
-- OCL
-- CLU
-- CO3
-- OCLCQ
-- HEBIS
-- DLC
-- UKMGB
-- OCLCQ
-- OCLCF
-- CUV
-- OCL
-- OCLCQ
-- TFW
-- YDX
041 ## - LANGUAGE CODE
Language code of text/sound track or separate title eng
042 ## - AUTHENTICATION CODE
Authentication code pcc
-- nsdp
060 00 - NATIONAL LIBRARY OF MEDICINE CALL NUMBER
Classification number SF 745
Item number M555m
080 ## - UNIVERSAL DECIMAL CLASSIFICATION NUMBER
Universal Decimal Classification number 636.089 SIE
082 04 - DEWEY DECIMAL CLASSIFICATION NUMBER
Classification number 636.089 SIE
Edition number 22
100 ## - Rafti
Rafti 7
101 ## - Shkurtesa
Shkurtesa ZOO
210 0# - ABBREVIATED TITLE
Abbreviated title Merck vet. man.
222 #4 - KEY TITLE
Key title The Merck veterinary manual
245 04 - TITLE STATEMENT
Title The Merck veterinary manual.
310 ## - CURRENT PUBLICATION FREQUENCY
Current publication frequency Irregular
362 0# - DATES OF PUBLICATION AND/OR SEQUENTIAL DESIGNATION
Dates of publication and/or sequential designation 1st ed.-
590 ## - LOCAL NOTE (RLIN)
Local note SERBIB/SERLOC merged record
776 08 - ADDITIONAL PHYSICAL FORM ENTRY
Display text Online version:
Title Merck veterinary manual (Online)
International Standard Serial Number 2156-0307
Record control number (DLC) 2010201700
-- (OCoLC)50335958
906 ## - LOCAL DATA ELEMENT F, LDF (RLIN)
a 7
b cbc
c serials
d 3
e ncip
f 19
g n-oclcserc
942 ## - ADDED ENTRY ELEMENTS (KOHA)
Source of classification or shelving scheme
Item type Books
Holdings
Withdrawn status Lost status Source of classification or shelving scheme Damaged status Not for loan Collection code Permanent location Current location Shelving location Date acquired Total Checkouts Full call number Barcode Date last seen Price effective from Koha item type
          Koleksioni i përgjithshem UBT - Lipjan UBT - Lipjan Koleksioni i përgjithshem 03/01/2018   636.089 SIE 002-3000529 03/01/2018 03/01/2018 Books
UBT Library © 2015-2024. All rights reserved University Education for Business and Technology